Trivia Pyramid: Art Quiz Stats

 Plays Quiz Updated Aug 31, 2019

Score 0/30 Timer 04:00
78 Plays Today
% Correct
Which body part is notably
missing from the Aphrodite
of Milos (Venus de Milo)?
100%
In which city are the
museums colloquially
called The Met and MoMA?
100%
In Salvador Dalí's The
Persistence of Memory
,
what item is seen melting?
100%
Which building contains
Michelangelo's fresco
The Last Judgment?
100%
Which art movement was
founded by Pablo Picasso
and Georges Braque?
100%
Which Leonardo da Vinci
art piece is also known
as La Gioconda?
96.3%
What term describes two
colors found on opposite
sides of the color wheel?
95.6%
New York City
90.9%
Which Edvard Munch work
was given the German title
Der Schrei der Natur?
90.6%
Arms
88.3%
Clocks
86.9%
Who is the subject of
Alberto Korda's photograph
titled Guerrillero Heroico?
85%
What French art movement
captured the feeling
of a momentary scene?
83.7%
What earthenware material
was used to create Qin Shi
Huang's mausoleum Army?
82.8%
Whose pop art includes
Campbell's Soup Cans
and Shot Marilyns?
82.2%
% Correct
The iconic 'Tank Man'
photograph was taken
during which 1989 protest?
81.1%
The Mona Lisa
79.8%
The Scream
78.8%
Andy Warhol
76.1%
What visual arts
technique comes from the
French for 'to glue'?
74.2%
Cubism
72.4%
Which American architect
designed the Fallingwater
house in Pennsylvania?
71.9%
Terracotta
67.4%
Sistine Chapel
65.6%
Impressionism
64.8%
Frank Lloyd Wright
58.1%
Complementary
57.6%
Tiananmen Square
55.9%
Che Guevara
55.2%
Collage
42.5%

You're not logged in!

Compare scores with friends on all Sporcle quizzes.
OR
Log In

Sporcle TV

Today on Sporcle TV


Watch our educational content, quiz creation guides, and fun videos on Sporcle TV.

Show Comments

Extras

Top Quizzes Today


Score Distribution

Your Account Isn't Verified!

In order to create a playlist on Sporcle, you need to verify the email address you used during registration. Go to your Sporcle Settings to finish the process.

Report this User

Report this user for behavior that violates our Community Guidelines.

Details: